000 00342nam a2200157Ia 4500
100 _aGalvin/Paul J
650 _aSharepoint
942 _cBK
366 _f20
245 _aProfessional workflow in sharepoint 2010
260 _bWiley India
_c2012
082 _a5.133
_bGAL
300 _a351
546 _aENGLISH
_cComputers
999 _c35330
_d35330